000 00280nam a22001337a 4500
008 170703b xxu||||| |||| 00| 0 eng d
020 _a0226532291
041 _aeng
080 _a82
100 _a22
101 _aGJL
245 _aICONOLOGY
_cMITCHELL, W.J.T
942 _2udc
_cBK
999 _c19839
_d19839